[Event "DM Kort Paaske 1 Grp2 2025"]
[Site "Svendborg"]
[Date "2025.04.14"]
[Round "5"]
[White "Andries, Leia"]
[Black "Kjeldsen, Johannes Juel"]
[Result "1-0"]
[WhiteElo "1734"]
[BlackElo "1825"]
[WhiteFideId "1469207"]
[BlackFideId "1473263"]
[EventDate "2025.04.12"]
[EventType "swiss"]
[EventRounds "5"]
[EventCountry "DEN"]
[SourceTitle "Live v. Kasper Jerwiarz"]

1. e4 c5 2. c3 Nf6 3. e5 Nd5 4. Nf3 Nc6 5. Bc4 Nb6 6. Bb3 g6 7. d4 cxd4 8. cxd4 d6 9. Ng5 e6 10. Qf3 Qd7 11. Ne4 Be7 12. exd6 Bd8 13. Nf6+ Bxf6 14. Qxf6 Rg8 15. Nc3 Qxd6 16. Ne4 Qe7 17. Bg5 Qb4+ 18. Bd2 Qe7 19. O-O Nd7 20. Qf4 Kd8 21. Nd6 Rf8 22. Ba4 e5 23. dxe5 Ndxe5 24. Bc3 Qe6 25. Rad1 Kc7 26. Bxc6 Nxc6 27. Nc4+ 1-0

[Event "DM Kort Paaske 1 Grp2 2025"]
[Site "Svendborg"]
[Date "2025.04.14"]
[Round "5"]
[White "Silcowitz, Magnus"]
[Black "Poulsen, Peter Risgaard"]
[Result "0-1"]
[WhiteElo "1694"]
[BlackElo "1893"]
[WhiteFideId "1476734"]
[BlackFideId "1407333"]
[EventDate "2025.04.12"]
[EventType "swiss"]
[EventRounds "5"]
[EventCountry "DEN"]
[SourceTitle "Live v. Kasper Jerwiarz"]

1. e4 c6 2. d4 d5 3. f3 e6 4. e5 c5 5. c3 Nc6 6. Be3 cxd4 7. cxd4 Qb6 8. Qd2 Bd7 9. Nc3 Rc8 10. Bb5 Na5 11. Bxd7+ Kxd7 12. Qf2 Nc4 13. Bc1 Ne7 14. f4 Nf5 15. Nf3 h5 16. O-O Be7 17. b3 Na5 18. Bb2 Nc6 19. Rfd1 a6 20. Rac1 Qa7 21. Na4 b6 22. a3 Na5 23. Nd2 Rxc1 24. Rxc1 Rc8 25. Rxc8 Kxc8 26. Nf3 Qc7 27. Qe2 b5 28. b4 Nc4 29. Nc3 Nxa3 30. Nxd5 exd5 31. Bxa3 Qc3 32. Qa2 Qc4 33. Qb2 Bd8 34. h3 Bb6 35. Qb1 g6 36. Kh2 Nxd4 37. Ng5 Ne2 38. g3 0-1

[Event "DM Kort Paaske 1 Grp2 2025"]
[Site "Svendborg"]
[Date "2025.04.14"]
[Round "5"]
[White "Bultijnck, Kristoff"]
[Black "Nielsen, Pia"]
[Result "1-0"]
[WhiteElo "1732"]
[BlackElo "1644"]
[WhiteFideId "254975"]
[BlackFideId "1409700"]
[EventDate "2025.04.12"]
[EventType "swiss"]
[EventRounds "5"]
[EventCountry "DEN"]
[SourceTitle "Live v. Kasper Jerwiarz"]

1. e4 c6 2. d4 d5 3. exd5 cxd5 4. Bd3 Nf6 5. Bf4 Bg4 6. Nf3 e6 7. c3 Bd6 8. Be5 Bxe5 9. dxe5 Nfd7 10. Nbd2 Nxe5 11. Qa4+ Qd7 12. Bb5 Nxf3+ 13. Nxf3 Nc6 14. Ne5 Qc7 15. Nxc6 O-O 16. Qxg4 bxc6 17. Be2 Rab8 18. b3 Qe5 19. Rc1 a5 20. O-O c5 21. Rfe1 Qd6 22. Rcd1 e5 23. Bf3 d4 24. cxd4 cxd4 25. Be4 Rb4 26. Bd3 g6 27. Qe4 Re8 28. Bc4 Kg7 29. Rxd4 Qxd4 30. Qxd4 exd4 31. Rxe8 a4 32. Rd8 axb3 33. axb3 Rb6 34. Rxd4 h5 35. h4 Kh6 36. Bxf7 g5 37. hxg5+ Kxg5 38. Bc4 h4 39. Kh2 Rf6 40. Rd5+ Kf4 41. Kh3 Rh6 42. Rd4+ Kf5 43. Rxh4 Rd6 44. Rh5+ Kf4 45. b4 Rd1 46. g3+ Ke4 47. Kg2 Rd2 48. b5 Rb2 49. Rh6 Kd4 50. Bf1 Kc5 51. g4 Kd5 52. g5 Ke5 53. g6 Kf6 54. Bd3 Kg7 55. Rh7+ Kf8 56. Bc4 Ke8 57. g7 Rxf2+ 58. Kxf2 Ke7 59. g8=Q+ Kd6 60. Qd5# 1-0

[Event "DM Kort Paaske 1 Grp2 2025"]
[Site "Svendborg"]
[Date "2025.04.14"]
[Round "5"]
[White "Fyhn, Buster Hulthin"]
[Black "Jacobsen, Steen"]
[Result "1-0"]
[WhiteElo "1862"]
[BlackElo "1814"]
[WhiteFideId "1481800"]
[BlackFideId "1447009"]
[EventDate "2025.04.12"]
[EventType "swiss"]
[EventRounds "5"]
[EventCountry "DEN"]
[SourceTitle "Live v. Kasper Jerwiarz"]

1. e4 c6 2. d4 d5 3. exd5 cxd5 4. Bd3 Nc6 5. c3 Nf6 6. h3 g6 7. Nf3 Bg7 8. O-O O-O 9. Re1 Qc7 10. Be3 Re8 11. Nbd2 Nd7 12. Nb3 e5 13. dxe5 Ndxe5 14. Nxe5 Bxe5 15. Bc2 Be6 16. Bd4 Bxd4 17. Nxd4 Nxd4 18. Qxd4 b6 19. Rad1 Qc5 20. Bb3 Red8 21. Re5 Qxd4 22. Rxd4 Rd7 23. Bxd5 Bxd5 24. Rexd5 Rxd5 25. Rxd5 Re8 26. Kf1 Re7 27. f3 f5 28. Kf2 Kf7 29. f4 Kf6 30. g3 Kf7 31. a4 Kf6 32. a5 bxa5 33. Rxa5 Rb7 34. b4 Rc7 35. Ra3 h6 36. Ke3 g5 37. Kd4 gxf4 38. gxf4 Kg6 39. c4 Re7 40. Re3 Rd7+ 41. Kc5 Rc7+ 42. Kb5 a6+ 43. Kxa6 Rxc4 44. b5 Rxf4 45. b6 Ra4+ 46. Kb7 Re4 47. Rc3 f4 48. Ka7 Re3 49. Rc6+ Kh5 50. b7 Re7 51. Ka8 Rxb7 52. Kxb7 Kg5 53. Rc3 Kf5 54. Rc5+ Ke4 55. Rh5 1-0